[Event "ESP-ch U14"]
[Site "Granada"]
[Date "2009.07.11"]
[Round "8"]
[White "Tejedor Fuente, Enrique"]
[Black "Escudero Manzano, Alejandro"]
[Result "1-0"]
[WhiteElo "2004"]
[BlackElo "1870"]
[PlyCount "119"]
[EventDate "2009.07.07"]
[EventType "swiss"]
[EventRounds "9"]
[EventCountry "ESP"]
[SourceTitle "CBM 131 Extra"]
[Source "ChessBase"]
[SourceDate "2009.09.03"]
[SourceVersion "2"]
[SourceVersionDate "2009.09.16"]
[SourceQuality "1"]

1. e4 c5 2. Nf3 e6 3. d4 cxd4 4. Nxd4 a6 5. Bd3 Bc5 6. Nb3 Ba7 7. 0-0 Nc6 8. Nc3 Nf6 9. Qe2 d6 10. Bd2 Ne5 11. Bf4 Ng6 12. Be3 Bd7 13. Bxa7 Rxa7 14. Qe3 Ra8 15. f4 0-0 16. e5 dxe5 17. Bxg6 hxg6 18. fxe5 Ng4 19. Qf4 Nh6 20. Ne4 Nf5 21. c4 Bc6 22. Rad1 Qc7 23. Nd6 Rad8 24. Rd2 b5 25. Rc1 bxc4 26. Rxc4 Qb6+ 27. Nc5 Bd5 28. Nxf5 gxf5 29. Rc1 Rc8 30. b4 a5 31. a3 axb4 32. axb4 Rb8 33. Rd4 Rfd8 34. h4 Qa7 35. h5 Qe7 36. Rc3 Ra8 37. Rd2 Ra1+ 38. Kh2 Kh7 39. Rg3 Rh8 40. Rdd3 Kg8 41. Rh3 Ra2 42. Rdg3 Kh7 43. Qf1 Rha8 44. Qf4 Rh8 45. Nd3 Ra1 46. Qd4 Rd1 47. Qe3 Rb1 48. Qf4 Be4 49. Nf2 Bd5 50. Rh4 Ra8 51. Qd4 Ra4 52. Nd3 Be4 53. Rxe4 fxe4 54. Qxe4+ Kh8 55. Qg4 Qf8 56. Rf3 Ra7 57. Nf4 Qg8 58. Qh4 Qh7 59. Ng6+ fxg6 60. Rf8+ 1-0

[Event "ESP-ch U14"]
[Site "Granada"]
[Date "2009.07.08"]
[Round "3"]
[White "Escudero Manzano, Alejandro"]
[Black "Quintin Navarro, Alberto"]
[Result "1-0"]
[WhiteElo "1870"]
[BlackElo "2064"]
[PlyCount "129"]
[EventDate "2009.07.07"]
[EventType "swiss"]
[EventRounds "9"]
[EventCountry "ESP"]
[SourceTitle "CBM 131 Extra"]
[Source "ChessBase"]
[SourceDate "2009.09.03"]
[SourceVersion "2"]
[SourceVersionDate "2009.09.16"]
[SourceQuality "1"]

1. e4 c5 2. Nf3 d6 3. c3 Nf6 4. h3 Nc6 5. Bd3 d5 6. e5 Nd7 7. e6 fxe6 8. Ng5 Nf6 9. Bxh7 Nxh7 10. Qh5+ Kd7 11. Nxh7 Qc7 12. 0-0 Qe5 13. Nf6+ exf6 14. Qxh8 Bd6 15. Qxg7+ Ne7 16. g3 c4 17. b3 b5 18. bxc4 dxc4 19. d4 cxd3 20. Bf4 Qe2 21. Bxd6 Kxd6 22. Qg4 Qxg4 23. hxg4 e5 24. Rd1 e4 25. Nd2 f5 26. gxf5 Bxf5 27. c4 bxc4 28. Nxc4+ Kd5 29. Ne3+ Ke6 30. Rac1 Bg6 31. Rc4 Rd8 32. Nf1 Nc8 33. Nd2 Nd6 34. Ra4 Rd7 35. Re1 Rc7 36. Nb3 Bh5 37. Ra5 Bg6 38. f3 Kf6 39. fxe4 Nxe4 40. Ra6+ Kf5 41. g4+ Kg5 42. Rxg6+ Kxg6 43. Rxe4 Rc1+ 44. Kf2 Rc2+ 45. Ke3 Rxa2 46. Kxd3 Ra3 47. Kc4 Ra2 48. Nd4 Kf6 49. Nf3 Ra5 50. Kd4 Ra3 51. Rf4+ Kg6 52. Ke4 Ra4+ 53. Ke3 Ra3+ 54. Kf2 Rb3 55. Ra4 Rb7 56. Kg3 Kg7 57. g5 Rd7 58. Kg4 Rb7 59. Kh5 Rd7 60. Nh4 Kg8 61. Nf5 a5 62. Rxa5 Rd8 63. Ra7 Rb8 64. g6 Kh8 65. Rh7+ 1-0

[Event "ESP-ch U12"]
[Site "Padron"]
[Date "2008.07.09"]
[Round "6"]
[White "Escudero Manzano, Alejandro"]
[Black "Acosta Sosa, Juan Manuel"]
[Result "1-0"]
[WhiteElo "1825"]
[BlackElo "1857"]
[PlyCount "101"]
[EventDate "2008.07.06"]
[EventType "swiss"]
[EventRounds "9"]
[EventCountry "ESP"]
[SourceTitle "EXT 2009"]
[Source "ChessBase"]
[SourceDate "2008.11.26"]
[SourceVersion "1"]
[SourceVersionDate "2008.11.26"]
[SourceQuality "1"]

1. e4 c5 2. Nf3 Nc6 3. Bb5 e6 4. Bxc6 bxc6 5. 0-0 d5 6. d3 Rb8 7. b3 Nf6 8. e5 Nd7 9. Qe2 Qc7 10. Bb2 Ba6 11. Nbd2 Be7 12. Ba3 0-0 13. c4 Qa5 14. Bb2 Rfc8 15. Qe3 Nf8 16. h3 Ng6 17. Nh2 Bf8 18. Ng4 Rd8 19. Nf3 dxc4 20. dxc4 Rd7 21. h4 Qd8 22. h5 Nh4 23. Nxh4 Qxh4 24. Qe2 Qg5 25. Bc1 Qd8 26. h6 Rd4 27. Be3 Qc7 28. Bxd4 cxd4 29. Qd3 c5 30. hxg7 Bxg7 31. f4 Qd8 32. Qh3 Bc8 33. Nh6+ Bxh6 34. Qxh6 Qf8 35. Qh4 Bb7 36. Qg5+ Qg7 37. Qxg7+ Kxg7 38. f5 exf5 39. Rxf5 Be4 40. Rg5+ Bg6 41. e6 f5 42. Rg3 Kf6 43. Re1 Re8 44. b4 cxb4 45. Rd3 Rxe6 46. Rxe6+ Kxe6 47. Rxd4 f4 48. Rxf4 Bb1 49. Rf2 a5 50. Rd2 a4 51. Rb2 1-0

[Event "ESP-ch U12"]
[Site "Padron"]
[Date "2008.07.07"]
[Round "3"]
[White "Garcia Castany Musellas, Gal La"]
[Black "Escudero Manzano, Alejandro"]
[Result "0-1"]
[WhiteElo "1631"]
[BlackElo "1825"]
[PlyCount "42"]
[EventDate "2008.07.06"]
[EventType "swiss"]
[EventRounds "9"]
[EventCountry "ESP"]
[SourceTitle "EXT 2009"]
[Source "ChessBase"]
[SourceDate "2008.11.26"]
[SourceVersion "1"]
[SourceVersionDate "2008.11.26"]
[SourceQuality "1"]

1. e4 c5 2. Nf3 e6 3. d4 cxd4 4. Nxd4 a6 5. c4 Nf6 6. f3 Bc5 7. Nb3 Ba7 8. Bd3 Nc6 9. Qe2 Qc7 10. Be3 Ne5 11. Nc3 Nxd3+ 12. Qxd3 Bxe3 13. Qxe3 Qxc4 14. Rc1 Qb4 15. 0-0 0-0 16. e5 Ne8 17. Rfd1 d5 18. exd6 Nxd6 19. Qe5 Nf5 20. Rc2 Qb6+ 21. Kf1 Ne3+ 0-1